| 000 | 01428nam a22003978a 4500 | ||
|---|---|---|---|
| 001 | 015469189 | ||
| 003 | EG-ScBUE | ||
| 005 | 20220621123240.0 | ||
| 006 | m||||fq||h 00| 0 | ||
| 008 | 100113s2010 enka f 000 0beng d | ||
| 020 | _a1905775806 (pbk.) : | ||
| 020 | _a9781905775804 (pbk.) : | ||
| 040 |
_aStDuBDS _beng _erda _cStDuBDS _dEG-ScBUE |
||
| 082 | 0 | 4 |
_a428.64 _222 _bROL |
| 100 | 1 |
_98326 _aRollason, Jane, _eauthor. |
|
| 245 | 1 | 0 |
_aBarack Obama / _cJane Rollason. |
| 246 | 3 | 4 |
_a Barack Obama : _bthe story of one man's journey to the White house |
| 264 | 1 |
_aLondon : _bScholastic Ltd., _c2010. |
|
| 300 |
_a56 pages : _bcolor illustrations ; _c20 cm + _e1 CD |
||
| 336 |
_2rdacontent _atext _btxt |
||
| 336 |
_2rdacontent _asounds _bsnd |
||
| 337 |
_2rdamedia _aunmediated _bn |
||
| 337 |
_2rdamedia _aaudio _bs |
||
| 338 |
_2rdacarrier _avolume _bnc |
||
| 338 |
_2rdacarrier _acomputer disc _bcd |
||
| 490 | 0 |
_aScholastic ELT readers ; _vlevel 2 |
|
| 521 | _aLevel 2 : Pre-intermediate - Intermediate: A2 | ||
| 600 | 1 | 7 |
_aObama, Barack _vJuvenile literature. _2BUEsh _929147 |
| 650 | 7 |
_aReaders _xPresidents _vJuvenile literature. _929148 _2BUEsh |
|
| 650 | 7 |
_aPresidents _zUnited States _vBiography _vJuvenile literature. _929149 _2BUEsh |
|
| 651 | _2BUEsh | ||
| 653 |
_cMarch2012 _bHHUUEENN |
||
| 655 |
_vReading book _934232 |
||
| 856 | _uhttp://www.scholasticeltreaders.com/barack-obama.html | ||
| 942 |
_2ddc _cBB |
||
| 999 |
_c16530 _d16530 |
||